00209nam a2200073Ia 4500008004100000100002700041245004500068260002200113190216s9999||||xx |||||||||||||| ||und|| aWilliam D Marakkal Roy 0aKosha Physiologyum Sasya Resathanthravum bKerala Basha Inst